Government devolopment assistence programmes : A guide for entrepreneurs
| Format: | Book |
|---|---|
| Published: |
Singapore :
Enterprise Promotion Centres Pte.Ltd. ,
1991
|
| Subjects: |
MARC
| LEADER | 00000cam a2200000 7i4500 | ||
|---|---|---|---|
| 001 | 0000000992 | ||
| 002 | 000001101 | ||
| 005 | 20000330.0 | ||
| 020 | |a T000000180 | ||
| 090 | 0 | 0 | |a 338.04095957 |b GOV |
| 245 | 0 | 0 | |a Government devolopment assistence programmes : |b A guide for entrepreneurs |
| 260 | |a Singapore : |b Enterprise Promotion Centres Pte.Ltd. , |c 1991 | ||
| 300 | |a 165p. : |b ill ; |c 26cm. | ||
| 650 | 0 | 0 | |a Entrepreneurship |
| 999 | |a 030184 |b BUKU |c PINJAMAN |e PERPUSTAKAAN KOMUNITI PETALING JAYA | ||